000 00427nam a2200181Ia 4500
001 25216
005 20260414151135.0
008 260414t2015||||xx |||||||||||||| ||spa||
041 _aESP
082 _a346.44
_bP83
100 _aPozo Sánchez, Julio E.
_eAUT
245 0 _aDefensa de la posesión
_b
260 _c2015
300 _a190 páginas :
_c24 cm.
650 _aDER
654 _aCDE
942 _cLIB
_dJUS
_fJUS
_2ddc
_n
999 _c25216
_d25216